web enabled commercial application development using java 2.0 (Record no. 5804)
[ view plain ]
| 000 -LEADER | |
|---|---|
| fixed length control field | 00454 a2200157 4500 |
| 020 ## - INTERNATIONAL STANDARD BOOK NUMBER | |
| International Standard Book Number | 8176562823 |
| 082 ## - DEWEY DECIMAL CLASSIFICATION NUMBER | |
| Classification number | 005.133 |
| 090 ## - LOCALLY ASSIGNED LC-TYPE CALL NUMBER (OCLC); LOCAL CALL NUMBER (RLIN) | |
| -- | 1862 |
| -- | 1862 |
| 100 ## - MAIN ENTRY--PERSONAL NAME | |
| Personal name | Bayross, Ivan. |
| 245 ## - TITLE STATEMENT | |
| Title | web enabled commercial application development using java 2.0 |
| Statement of responsibility, etc. | Ivan Bayross |
| 260 ## - PUBLICATION, DISTRIBUTION, ETC. | |
| Place of publication, distribution, etc. | New Dehli: |
| Name of publisher, distributor, etc. | BPB Publications, |
| Date of publication, distribution, etc. | 2000. |
| 300 ## - PHYSICAL DESCRIPTION | |
| Extent | x, 941 p. : |
| Other physical details | ill. ; |
| Dimensions | 24 cm. |
| 500 ## - GENERAL NOTE | |
| General note | Includes Index |
| 650 ## - SUBJECT ADDED ENTRY--TOPICAL TERM | |
| Topical term or geographic name entry element | java(Computer studies) |
| 942 ## - ADDED ENTRY ELEMENTS (KOHA) | |
| Koha item type | Book |
| Call number prefix | 05.133 BAY |
| Withdrawn status | Lost status | Damaged status | Not for loan | Collection code | Permanent Location | Current Location | Shelving location | Date acquired | Source of acquisition | Cost, normal purchase price | Total Checkouts | Full call number | Barcode | Date last seen | Price effective from | Koha item type |
|---|---|---|---|---|---|---|---|---|---|---|---|---|---|---|---|---|
| Central Library (CL) | Central Library (CL) | General Stacks | 08/15/2001 | Link, Rawalpindi | 160.00 | 05.133 BAY | SEECS001164 | 11/14/2012 | 01/05/2017 | Book | ||||||
| Central Library (CL) | Central Library (CL) | General Stacks | 08/15/2001 | Link, Rawalpindi | 160.00 | 05.133 BAY | SEECS001161 | 11/14/2012 | 01/05/2017 | Book | ||||||
| Central Library (CL) | Central Library (CL) | General Stacks | 08/15/2001 | Link, Rawalpindi | 160.00 | 05.133 BAY | SEECS001162 | 11/14/2012 | 01/05/2017 | Book | ||||||
| Central Library (CL) | Central Library (CL) | General Stacks | 08/15/2001 | Link, Rawalpindi | 160.00 | 05.133 BAY | SEECS001163 | 01/27/2020 | 01/05/2017 | Book | ||||||
| Central Library (CL) | Central Library (CL) | General Stacks | 08/15/2001 | Link, Rawalpindi | 160.00 | 05.133 BAY | SEECS001165 | 11/14/2012 | 01/05/2017 | Book |
